Pintores célebres
Spremljeno u:
| Glavni autor: | |
|---|---|
| Format: | Knjiga |
| Jezik: | španjolski |
| Izdano: |
Lima
Central Peruana de Publicaciones
1960
|
| Serija: | Grandes Figuras de la Humanidad, 6
|
| Teme: | |
| Oznake: |
Dodaj oznaku
Bez oznaka, Budi prvi tko označuje ovaj zapis!
|
MARC
| LEADER | 00000nam a2200000 a 4500 | ||
|---|---|---|---|
| 001 | UCT3330 | ||
| 003 | CL-VaPUC | ||
| 008 | 961018e19600000PE |||||||||||||||||spa|d | ||
| 082 | 0 | 4 | |a 920 |b BRE |2 21 |
| 100 | 0 | |a Breyter, Perla Minuchín de |e author |9 372259 | |
| 245 | 1 | 0 | |a Pintores célebres |
| 300 | |a 467 p | ||
| 942 | |c BK | ||
| 945 | |d 19961018 00:00:00 |a lriquelm | ||
| 260 | |a Lima |b Central Peruana de Publicaciones |c 1960 | ||
| 650 | 7 | |a PINTORES SIGLOS 14-20 |2 CL-VaPUC |9 372260 | |
| 650 | 0 | |a Biografías |9 255210 | |
| 583 | |a last modification |c 20160830 05:54:57 |k Rodrigo Vera | ||
| 490 | 0 | |a Grandes Figuras de la Humanidad, 6 | |
| 999 | |c 253022 |d 253020 | ||
| 952 | |0 0 |1 0 |4 0 |6 920_000000000000000_BRE_1960 |7 0 |8 X |9 273346 |a BIBCUR |b BIBCUR |d 2019-11-19 |i 1767712 |o 920 BRE 1960 |p 1767712 |r 2025-04-22 |w 2019-11-19 |y BK_X |k BCB | ||